[Event "EU-ch (Women) 24th"]
[Site "Rhodes"]
[Date "2024.04.25"]
[Round "6"]
[White "Grapsa, Georgia"]
[Black "Hoolt, Sarah"]
[Result "1-0"]
[WhiteElo "1920"]
[BlackElo "2296"]
[PlyCount "61"]
[EventDate "2024.04.19"]
[EventType "swiss"]
[EventRounds "10"]
[EventCountry "GRE"]
[SourceTitle "CB18_2024"]
[SourceDate "2024.05.01"]
[SourceVersion "1"]
[SourceVersionDate "2024.05.01"]
[SourceQuality "2"]

1. d4 Nf6 2. c4 e6 3. Nf3 d5 4. g3 Be7 5. Bg2 0-0 6. Qc2 Nc6 7. 0-0 a5 8. cxd5 Nb4 9. Qb3 a4 10. Qd1 Nbxd5 11. Ne5 c5 12. e4 Nb4 13. a3 Nc6 14. Nxc6 bxc6 15. e5 Nd5 16. Nc3 Qa5 17. Bd2 Qa7 18. dxc5 Bxc5 19. Ne4 Bd4 20. Qh5 Ba6 21. Rfe1 Bxb2 22. Rad1 Bd4 23. Kh1 Bxf2 24. Nf6+ Nxf6 25. exf6 gxf6 26. Be4 Rfd8 27. Qxh7+ Kf8 28. Bh6+ Ke7 29. Bg6 Rf8 30. Bxf7 Rxf7 31. Rxe6+ 1-0

[Event "EU-ch (Women) 24th"]
[Site "Rhodes"]
[Date "2024.04.20"]
[Round "2"]
[White "Hoolt, Sarah"]
[Black "Wagner, Dinara"]
[Result "1/2-1/2"]
[WhiteElo "2296"]
[BlackElo "2453"]
[PlyCount "67"]
[EventDate "2024.04.19"]
[EventType "swiss"]
[EventRounds "10"]
[EventCountry "GRE"]
[SourceTitle "CB18_2024"]
[SourceDate "2024.05.01"]
[SourceVersion "1"]
[SourceVersionDate "2024.05.01"]
[SourceQuality "2"]

1. e4 e5 2. Nf3 Nc6 3. Bc4 Bc5 4. d3 Nf6 5. Bg5 h6 6. Bh4 d6 7. c3 a6 8. b4 Ba7 9. a4 g5 10. Bg3 Ng8 11. Nbd2 h5 12. h4 g4 13. Nh2 f5 14. exf5 Nh6 15. b5 Ne7 16. f6 Nef5 17. Nhf1 Qxf6 18. Ne4 Qe7 19. Ng5 Rf8 20. Ra2 a5 21. Bd5 Ng8 22. d4 Nf6 23. dxe5 dxe5 24. Re2 Nxg3 25. Nxg3 Qd6 26. N3e4 Nxe4 27. Nxe4 Qe7 28. Qb3 Bf5 29. Bxb7 Bxe4 30. Bxe4 0-0-0 31. g3 Rf6 32. 0-0 Qc5 33. Qc2 Rdf8 34. Qd2 1/2-1/2

[Event "AUT-chT (Women) 2324"]
[Site "Austria"]
[Date "2024.04.12"]
[Round "7.2"]
[White "Mandukhai, Myagmarsuren"]
[Black "Hoolt, Sarah"]
[Result "1-0"]
[WhiteElo "2079"]
[BlackElo "2296"]
[PlyCount "93"]
[EventDate "2023.11.24"]
[EventType "team-tourn"]
[EventRounds "9"]
[EventCountry "AUT"]
[SourceTitle "CB16_2024"]
[SourceDate "2024.04.17"]
[SourceVersion "1"]
[SourceVersionDate "2024.04.17"]
[SourceQuality "1"]
[WhiteTeam "Gamlitz (W)"]
[BlackTeam "Pamhagen (W)"]
[WhiteTeamCountry "AUT"]
[BlackTeamCountry "AUT"]

1. d4 Nf6 2. c4 e6 3. Nc3 Bb4 4. g3 c5 5. Nf3 Nc6 6. Bg2 Ne4 7. Bd2 Nxd2 8. Qxd2 cxd4 9. Nxd4 a6 10. a3 Be7 11. 0-0 0-0 12. Rfd1 Ne5 13. b3 Rb8 14. Qf4 d6 15. c5 Ng6 16. Qc1 d5 17. c6 Qc7 18. e4 dxe4 19. Bxe4 bxc6 20. b4 c5 21. Nc6 cxb4 22. axb4 Rb6 23. Na4 Rb5 24. Nc3 Rb6 25. Na4 Rb5 26. Nc3 Rh5 27. b5 Rc5 28. Qe3 f5 29. b6 Rxc3 30. Qxc3 Qxb6 31. Nxe7+ Nxe7 32. Rab1 Qa7 33. Bb7 Nd5 34. Qc6 Ne7 35. Qc7 Kf7 36. Rb6 a5 37. Rdd6 a4 38. Qc4 Kg8 39. Bxc8 Nxc8 40. Qxe6+ Kh8 41. Ra6 Qb7 42. Qxf5 Qe7 43. Qe6 Qg5 44. Rdc6 Qd2 45. Qf5 Qd8 46. Qxf8+ Qxf8 47. Ra8 1-0

[Event "German Masters (Women)"]
[Site "Rosenheim"]
[Date "2023.12.19"]
[Round "9"]
[White "Lubbe, Melanie"]
[Black "Hoolt, Sarah"]
[Result "1-0"]
[WhiteElo "2257"]
[BlackElo "2309"]
[PlyCount "51"]
[EventDate "2023.12.11"]
[EventType "tourn"]
[EventRounds "9"]
[EventCountry "GER"]
[EventCategory "2"]
[SourceTitle "CB51_2023"]
[SourceDate "2023.12.20"]
[SourceVersion "1"]
[SourceVersionDate "2023.12.20"]
[SourceQuality "1"]

1. e4 e6 2. d4 d5 3. Nd2 c5 4. exd5 Qxd5 5. Ngf3 cxd4 6. Bc4 Qd7 7. 0-0 Nc6 8. Nb3 a6 9. Nbxd4 Nxd4 10. Nxd4 Qc7 11. Qe2 Bd6 12. g3 Ne7 13. c3 0-0 14. Re1 Ng6 15. Bd3 Bd7 16. Qh5 Rad8 17. Be3 f5 18. Nf3 Nh8 19. Rad1 Nf7 20. Bc2 h6 21. Bb3 Rde8 22. Nh4 Bc6 23. Ng6 Kh7 24. Nxf8+ Bxf8 25. Bf4 Qe7 26. Rxe6 1-0

[Event "German Masters (Women)"]
[Site "Rosenheim"]
[Date "2023.12.18"]
[Round "8"]
[White "Hoolt, Sarah"]
[Black "Schleining, Zoya"]
[Result "0-1"]
[WhiteElo "2309"]
[BlackElo "2338"]
[PlyCount "84"]
[EventDate "2023.12.11"]
[EventType "tourn"]
[EventRounds "9"]
[EventCountry "GER"]
[EventCategory "2"]
[SourceTitle "CB51_2023"]
[SourceDate "2023.12.20"]
[SourceVersion "1"]
[SourceVersionDate "2023.12.20"]
[SourceQuality "1"]

1. e4 e5 2. Nf3 Nc6 3. Bc4 Nf6 4. d3 Bc5 5. c3 d6 6. Bg5 h6 7. Bh4 a6 8. a4 Ba7 9. Nbd2 Qe7 10. 0-0 g5 11. Bg3 Bg4 12. b4 Nh5 13. Kh1 Ng7 14. b5 Na5 15. bxa6 bxa6 16. Bxa6 0-0 17. Bc4 Nxc4 18. Nxc4 f5 19. exf5 Nxf5 20. Ncd2 Kg7 21. a5 Bh5 22. Qe2 Qd7 23. Qe4 Bg6 24. Qc4 Qf7 25. Qa4 Qd5 26. d4 exd4 27. c4 Qf7 28. Rfe1 d3 29. Rab1 Kg8 30. Rb7 Bb6 31. a6 Nxg3+ 32. hxg3 Bxf2 33. Rf1 Bb6 34. a7 Qe8 35. Qa6 Qc6 36. Nd4 Rxf1+ 37. Nxf1 Qe8 38. Qa1 Kh7 39. Nb5 Be4 40. Rxb6 cxb6 41. Nc7 Qd7 42. Nxa8 Qh3+ 0-1

[Event "German Masters (Women)"]
[Site "Rosenheim"]
[Date "2023.12.11"]
[Round "1"]
[White "Hoolt, Sarah"]
[Black "Heinemann, Josefine"]
[Result "1/2-1/2"]
[WhiteElo "2309"]
[BlackElo "2360"]
[PlyCount "80"]
[EventDate "2023.12.11"]
[EventType "tourn"]
[EventRounds "9"]
[EventCountry "GER"]
[EventCategory "2"]
[SourceTitle "CB51_2023"]
[SourceDate "2023.12.20"]
[SourceVersion "1"]
[SourceVersionDate "2023.12.20"]
[SourceQuality "1"]

1. e4 e5 2. Nf3 Nc6 3. Bb5 a6 4. Ba4 Nf6 5. Nc3 Bc5 6. Bxc6 dxc6 7. d3 Qe7 8. h3 Bd6 9. Be3 Be6 10. Qe2 0-0-0 11. a3 Nd7 12. Ng5 f6 13. Nxe6 Qxe6 14. 0-0-0 Qe7 15. Kb1 Nf8 16. Qg4+ Ne6 17. Ne2 Kb8 18. f4 exf4 19. Bxf4 Bxf4 20. Nxf4 Nxf4 21. Qxf4 c5 22. Rhf1 Rd4 23. Qf5 Rhd8 24. e5 Qxe5 25. Qxh7 Qg3 26. Rde1 c4 27. dxc4 Rxc4 28. Re2 Rcd4 29. Qf5 Qd6 30. Rfe1 b6 31. Qf3 Rd1+ 32. Rxd1 Qxd1+ 33. Ka2 Qd5+ 34. Qxd5 Rxd5 35. Kb3 Kb7 36. Kc4 Rd1 37. Kc3 Rd5 38. Kc4 Rd1 39. Kc3 Rd5 40. Kc4 Rd1 1/2-1/2

[Event "Reykjavik op"]
[Site "Reykjavik"]
[Date "2023.04.03"]
[Round "8"]
[White "Manukonda, Arun"]
[Black "Hoolt, Sarah"]
[Result "0-1"]
[WhiteElo "2061"]
[BlackElo "2288"]
[PlyCount "102"]
[EventDate "2023.03.29"]
[EventType "swiss"]
[EventRounds "9"]
[EventCountry "ISL"]
[SourceTitle "EXT 2024"]
[Source "ChessBase"]
[SourceDate "2023.10.10"]
[SourceVersion "1"]
[SourceVersionDate "2023.10.10"]
[SourceQuality "1"]

1. d4 Nf6 2. c4 e6 3. Nc3 d5 4. Bg5 Be7 5. e3 Nbd7 6. Nf3 h6 7. Bh4 0-0 8. Bd3 c5 9. 0-0 cxd4 10. exd4 dxc4 11. Bxc4 Nb6 12. Bd3 Nbd5 13. Ne5 Bd7 14. Rc1 Rc8 15. Re1 Nxc3 16. bxc3 Nd5 17. Bxe7 Nxe7 18. Qf3 Bc6 19. Qg3 Nf5 20. Bxf5 exf5 21. Nxc6 Rxc6 22. Qe5 Qd7 23. d5 Rc5 24. Red1 b5 25. Rd3 Re8 26. Qf4 Rxd5 27. Rd4 Rxd4 28. Qxd4 Qxd4 29. cxd4 Re2 30. Rc8+ Kh7 31. Kf1 Rxa2 32. Ke1 Ra6 33. Kd2 Kg6 34. Kc3 Kf6 35. Rc5 Ra3+ 36. Kb4 Ra4+ 37. Kxb5 Rxd4 38. Rc2 Rd6 39. Ra2 a6+ 40. Kc5 Re6 41. f4 g5 42. g3 Kg6 43. Kd5 Kh5 44. h3 Re3 45. Rg2 a5 46. Kd4 Re4+ 47. Kd5 Kg6 48. Rf2 Re3 49. g4 Rxh3 50. gxf5+ Kf6 51. fxg5+ hxg5 0-1

[Event "Reykjavik op"]
[Site "Reykjavik"]
[Date "2023.03.31"]
[Round "4"]
[White "Hoolt, Sarah"]
[Black "Dziuba, Marcin"]
[Result "1/2-1/2"]
[WhiteElo "2288"]
[BlackElo "2554"]
[PlyCount "137"]
[EventDate "2023.03.29"]
[EventType "swiss"]
[EventRounds "9"]
[EventCountry "ISL"]
[SourceTitle "CBM 213 Extra"]
[Source "ChessBase"]
[SourceDate "2023.05.31"]
[SourceVersion "1"]
[SourceVersionDate "2023.05.31"]
[SourceQuality "1"]

1. e4 c5 2. Nf3 d6 3. d4 cxd4 4. Nxd4 Nf6 5. Nc3 Nc6 6. Bg5 e6 7. Qd2 a6 8. 0-0-0 Bd7 9. f4 Be7 10. Nf3 b5 11. Bxf6 gxf6 12. f5 Qb6 13. Qh6 0-0-0 14. Qh5 Rhf8 15. Qxh7 b4 16. Ne2 e5 17. Nd2 Kb8 18. Kb1 Na5 19. Qh3 Rh8 20. Qf3 Bc6 21. c4 Nb7 22. g4 Bf8 23. Ng3 Nc5 24. Nb3 Bh6 25. Nxc5 Qxc5 26. Nh5 Bg5 27. h4 Rxh5 28. gxh5 Bf4 29. h6 Bxh6 30. Rh2 a5 31. Rg2 a4 32. Bd3 a3 33. Bc2 axb2 34. Kxb2 Be3 35. Bb3 Kc7 36. Rg7 Rf8 37. Kb1 Kb6 38. h5 Rh8 39. Bc2 Ra8 40. Rxf7 Ra3 41. Bb3 Ba4 42. Rxd6+ Qxd6 43. Qxe3+ Kc6 44. c5 Bxb3 45. cxd6 Bxa2+ 46. Kb2 Rxe3 47. Kxa2 Kxd6 48. Rxf6+ Kc5 49. h6 Rxe4 50. h7 Rh4 51. Rf7 Rh2+ 52. Kb1 Rh1+ 53. Kc2 Rh2+ 54. Kd3 Kd5 55. Rb7 e4+ 56. Ke3 Ke5 57. Rb5+ Kf6 58. Kxe4 Rh4+ 59. Kf3 Kg5 60. Rxb4 Rxh7 61. Rb5 Rf7 62. Ke4 Re7+ 63. Re5 Kf6 64. Rxe7 Kxe7 65. Ke5 Kf7 66. f6 Kf8 67. Ke6 Ke8 68. f7+ Kf8 69. Kf6 1/2-1/2

[Event "BL 2223 (Women)"]
[Site "Germany"]
[Date "2023.03.12"]
[Round "8.2"]
[White "Kiolbasa, Oliwia"]
[Black "Hoolt, Sarah"]
[Result "1/2-1/2"]
[WhiteElo "2404"]
[BlackElo "2288"]
[PlyCount "64"]
[EventDate "2022.10.15"]
[EventType "team-tourn"]
[EventRounds "11"]
[EventCountry "GER"]
[SourceTitle "CBM 213 Extra"]
[Source "ChessBase"]
[SourceDate "2023.05.31"]
[SourceVersion "1"]
[SourceVersionDate "2023.05.31"]
[SourceQuality "1"]
[WhiteTeam "Bad Koenigshofen (W)"]
[BlackTeam "Hamburger SK (W)"]
[WhiteTeamCountry "GER"]
[BlackTeamCountry "GER"]

1. e4 c5 2. Nf3 e6 3. d4 cxd4 4. Nxd4 Nc6 5. Nc3 a6 6. Be3 Nf6 7. a3 d6 8. f4 Be7 9. Qf3 e5 10. Nxc6 bxc6 11. fxe5 dxe5 12. Bc4 Bg4 13. Qf2 0-0 14. 0-0 Bh5 15. h3 a5 16. Rae1 Rb8 17. Bb3 Rb7 18. Bc5 Bg6 19. Bxe7 Qxe7 20. Qe3 Rd8 21. Rd1 h6 22. Kh2 Rbd7 23. Rxd7 Rxd7 24. Qb6 Kh7 25. Qxc6 Rd2 26. Qb6 Nxe4 27. Bxf7 Rxg2+ 28. Kxg2 Qg5+ 29. Kh1 Ng3+ 30. Kg1 Ne4+ 31. Kh1 Ng3+ 32. Kg1 Ne4+ 1/2-1/2

[Event "PRO League Prelim"]
[Site "Chess.com INT"]
[Date "2023.03.02"]
[Round "3.1"]
[White "Hoolt, Sarah"]
[Black "Caruana, Fabiano"]
[Result "0-1"]
[WhiteElo "2293"]
[BlackElo "2766"]
[PlyCount "50"]
[EventDate "2023.02.14"]
[EventType "team-swiss (rapid)"]
[EventRounds "5"]
[EventCountry "USA"]
[SourceTitle "CBM 213 Extra"]
[Source "ChessBase"]
[SourceDate "2023.05.31"]
[SourceVersion "1"]
[SourceVersionDate "2023.05.31"]
[SourceQuality "1"]
[WhiteTeam "Berlin Bears"]
[BlackTeam "Saint Louis Arch Bishops"]
[WhiteTeamCountry "GER"]
[BlackTeamCountry "USA"]

1. e4 c5 2. d3 Nc6 3. g3 d5 4. exd5 Qxd5 5. Nf3 Bg4 6. Bg2 g6 7. h3 Bxf3 8. Bxf3 Qd7 9. Nc3 Bg7 10. Bf4 Rc8 11. Qd2 Nf6 12. 0-0-0 Nd4 13. Bg2 0-0 14. Bh6 b5 15. h4 b4 16. Ne4 Bxh6 17. Nxf6+ exf6 18. Qxh6 Qa4 19. Kb1 Qxc2+ 20. Ka1 Qxf2 21. h5 Nf5 22. Qd2 Qxd2 23. Rxd2 Nxg3 24. Rh4 Nxh5 25. Bf3 Ng7 0-1

[Event "BL 2223 (Women)"]
[Site "Germany"]
[Date "2022.11.12"]
[Round "3.3"]
[White "Hoolt, Sarah"]
[Black "Khrapko, Marharyta"]
[Result "1-0"]
[WhiteElo "2288"]
[BlackElo "2128"]
[PlyCount "73"]
[EventDate "2022.10.15"]
[EventType "team-tourn"]
[EventRounds "11"]
[EventCountry "GER"]
[SourceTitle "EXT 2024"]
[Source "ChessBase"]
[SourceDate "2023.10.10"]
[SourceVersion "1"]
[SourceVersionDate "2023.10.10"]
[SourceQuality "1"]
[WhiteTeam "Hamburger SK (W)"]
[BlackTeam "Bayern Muenchen (W)"]
[WhiteTeamCountry "GER"]
[BlackTeamCountry "GER"]

1. e4 c5 2. Nf3 Nc6 3. Bb5 Nd4 4. Nxd4 cxd4 5. c3 a6 6. Ba4 b5 7. Bc2 e5 8. cxd4 exd4 9. 0-0 Bb7 10. f4 h5 11. d3 Nf6 12. Nd2 Ng4 13. Nf3 Qb6 14. Bb3 Be7 15. Ne5 Nxe5 16. fxe5 f6 17. exf6 gxf6 18. a4 Bd6 19. axb5 axb5 20. Rxa8+ Bxa8 21. Rf5 Kd8 22. Rxh5 Rxh5 23. Qxh5 Qa5 24. Qd1 Qc7 25. h3 Qc5 26. Bd2 Qe5 27. Qg4 Bc6 28. Kf2 Kc8 29. h4 f5 30. exf5 Bb4 31. Qg8+ Kc7 32. Bxb4 Qe3+ 33. Kf1 Qc1+ 34. Be1 Qf4+ 35. Kg1 Qe3+ 36. Bf2 Qxd3 37. Qg3+ 1-0

[Event "EU-ch (Women) 22nd"]
[Site "Prague"]
[Date "2022.08.31"]
[Round "11"]
[White "Kiolbasa, Oliwia"]
[Black "Hoolt, Sarah"]
[Result "1/2-1/2"]
[WhiteElo "2383"]
[BlackElo "2290"]
[PlyCount "101"]
[EventDate "2022.08.20"]
[EventType "swiss"]
[EventRounds "11"]
[EventCountry "CZE"]
[SourceTitle "CBM 209 Extra"]
[Source "ChessBase"]
[SourceDate "2022.09.30"]
[SourceVersion "1"]
[SourceVersionDate "2022.09.30"]
[SourceQuality "1"]

1. e4 c6 2. d4 d5 3. e5 Bf5 4. h4 h5 5. c4 e6 6. Nc3 dxc4 7. Bxc4 Nd7 8. Nge2 Be7 9. Ng3 Bg6 10. Be2 Qb6 11. Bf4 0-0-0 12. Qd2 Nh6 13. a3 f6 14. Na4 Qb3 15. exf6 Nxf6 16. Qa5 Nd5 17. Be5 Nf7 18. Qxa7 Nxe5 19. dxe5 Kc7 20. Qa5+ Nb6 21. Qxb6+ Qxb6 22. Nxb6 Kxb6 23. Rd1 Rxd1+ 24. Bxd1 Kc5 25. Ne2 Bf5 26. Nf4 g6 27. Bb3 Kd4 28. Nxe6+ Kxe5 29. f4+ Kf6 30. Nd4 Be4 31. Bc2 Bxc2 32. Nxc2 Kf5 33. Nd4+ Ke4 34. Nf3 Kxf4 35. 0-0 Kg3 36. Ne5 Bc5+ 37. Kh1 Bf2 38. Nxg6 Re8 39. Nf4 Kxf4 40. Rxf2+ Kg3 41. Rf3+ Kxh4 42. Rf7 b5 43. Rg7 Re2 44. b3 c5 45. Kh2 c4 46. bxc4 bxc4 47. a4 c3 48. a5 c2 49. Rc7 Re5 50. a6 Ra5 51. Rxc2 1/2-1/2

[Event "EU-ch (Women) 22nd"]
[Site "Prague"]
[Date "2022.08.23"]
[Round "4"]
[White "Hoolt, Sarah"]
[Black "Narva, Mai"]
[Result "0-1"]
[WhiteElo "2290"]
[BlackElo "2405"]
[PlyCount "112"]
[EventDate "2022.08.20"]
[EventType "swiss"]
[EventRounds "11"]
[EventCountry "CZE"]
[SourceTitle "CBM 209 Extra"]
[Source "ChessBase"]
[SourceDate "2022.09.30"]
[SourceVersion "1"]
[SourceVersionDate "2022.09.30"]
[SourceQuality "1"]

1. e4 c5 2. Nf3 e6 3. d4 cxd4 4. Nxd4 Nf6 5. Nc3 Nc6 6. Ndb5 Bc5 7. Nd6+ Ke7 8. Bf4 e5 9. Nf5+ Kf8 10. Bg5 Bb4 11. Bxf6 Qxf6 12. Bc4 d5 13. Qxd5 Bxf5 14. exf5 Rd8 15. Qe4 g6 16. 0-0 Bxc3 17. bxc3 Qxf5 18. Qxf5 gxf5 19. Rfd1 Ke7 20. Kf1 Na5 21. Bb3 Rhg8 22. g3 b6 23. Rxd8 Rxd8 24. Ke2 Rc8 25. Kd2 Nb7 26. Re1 f6 27. Bd5 Nd6 28. f3 Rd8 29. Rd1 Nc4+ 30. Ke2 Nb2 31. Rd2 Na4 32. c4 Nc3+ 33. Ke3 Nxa2 34. Rd1 Nb4 35. c3 Nxd5+ 36. cxd5 Rc8 37. Kd3 Rc5 38. c4 b5 39. Rb1 bxc4+ 40. Kc3 Kd6 41. Rb8 Kxd5 42. Rb7 e4 43. fxe4+ fxe4 44. Rxh7 a5 45. h4 Kd6 46. Rb7 e3 47. Rb1 Re5 48. Kxc4 e2 49. Re1 Ke6 50. Kd3 a4 51. g4 f5 52. gxf5+ Kxf5 53. h5 Kg5 54. Kd2 Kh6 55. Kc2 Kxh5 56. Kd2 Kg4 0-1

[Event "BL 2122 (Women)"]
[Site "Germany"]
[Date "2022.05.26"]
[Round "3.5"]
[White "Hoolt, Sarah"]
[Black "Arabidze, Meri"]
[Result "0-1"]
[WhiteElo "2305"]
[BlackElo "2436"]
[PlyCount "90"]
[EventDate "2021.11.27"]
[EventType "team-tourn"]
[EventRounds "11"]
[EventCountry "GER"]
[SourceTitle "EXT 2023"]
[Source "ChessBase"]
[SourceDate "2022.10.05"]
[SourceVersion "1"]
[SourceVersionDate "2022.10.05"]
[SourceQuality "1"]
[WhiteTeam "Hamburger SK (W)"]
[BlackTeam "Schwaebisch Hall (W)"]
[WhiteTeamCountry "GER"]
[BlackTeamCountry "GER"]

1. e4 c5 2. Nf3 e6 3. d4 cxd4 4. Nxd4 Nc6 5. Nc3 Qc7 6. Be3 a6 7. Be2 Nf6 8. 0-0 Bb4 9. Na4 Be7 10. c4 Nxe4 11. Bf3 Ng5 12. Be2 0-0 13. c5 Rb8 14. Rc1 f5 15. f3 f4 16. Bf2 e5 17. Nb3 d5 18. cxd6 Bxd6 19. Bb6 Qe7 20. Nac5 Kh8 21. Qd5 Bc7 22. Bxc7 Qxc7 23. Nxa6 Qb6+ 24. Kh1 Ra8 25. h4 Nf7 26. Qc5 Qxc5 27. Rxc5 Nfd8 28. Bb5 Ne6 29. Rd5 Ne7 30. Rxe5 bxa6 31. Bc4 Ng6 32. Re4 Nc7 33. h5 Nh4 34. Rd1 Nf5 35. Kh2 Ne3 36. Rxf4 Be6 37. Rxf8+ Rxf8 38. Rc1 Nxc4 39. Nd4 Bf7 40. b3 Nb5 41. Nxb5 axb5 42. bxc4 bxc4 43. Kg3 Rc8 44. Kh4 c3 45. Rc2 Bxa2 0-1